Loading...
| Auditory Arts | 7 | 14.29 | 86% | 29% | 29% |
| Beliefs | 6 | 16.67 | 100% | 33% | 33% |
| Current Events | 2 | 20.00 | 100% | 0% | 100% |
| Fine Arts - Other Arts | 6 | 13.33 | 100% | 0% | 33% |
| Geography | 2 | 15.00 | 100% | 50% | 0% |
| History - American History | 7 | 20.00 | 100% | 71% | 29% |
| History - Ancient History | 3 | 23.33 | 100% | 100% | 33% |
| History - European History | 5 | 20.00 | 100% | 80% | 20% |
| History - Other History | 1 | 20.00 | 100% | 100% | 0% |
| History - World History | 6 | 21.67 | 100% | 83% | 33% |
| Literature - American Literature | 6 | 21.67 | 100% | 83% | 33% |
| Literature - British Literature | 6 | 25.00 | 100% | 100% | 50% |
| Literature - European Literature | 9 | 24.44 | 100% | 89% | 56% |
| Literature - World Literature | 5 | 18.00 | 100% | 60% | 20% |
| Other Academic | 1 | 0.00 | 0% | 0% | 0% |
| Philosophy | 5 | 14.00 | 100% | 40% | 0% |
| Science - Biology | 4 | 15.00 | 100% | 50% | 0% |
| Science - Chemistry | 5 | 10.00 | 80% | 20% | 0% |
| Science - Other Science | 5 | 12.00 | 60% | 60% | 0% |
| Science - Physics | 7 | 12.86 | 100% | 29% | 0% |
| Social Science | 11 | 13.64 | 82% | 46% | 9% |
| Visual Arts | 7 | 15.71 | 100% | 43% | 14% |